000 00695cam a2200229 a 4500
001 13091192
005 20180226043623.0
008 030213s2005 maua b 001 0 eng
010 _a 2003044989
020 _a0155060023
040 _aDLC
_cDLC
_dDLC
041 _aeng
080 _a808.1 MYE
082 0 0 _a808.1 MYE
_221
100 1 _a25
101 _aEDU
245 1 4 _aThe portable poetry workshop /
_cJack Meyers.
504 _aIncludes bibliographical references (p. 324-325) and index.
906 _a7
_bcbc
_corignew
_d1
_eocip
_f20
_gy-gencatlg
942 _2ddc
_cBK
999 _c43426
_d43426